Score 0/28 Timer 03:00
0 Plays Today
Clue 4-Letter Word % Correct
A food that vegetarians avoidMEAT
98.9%
☀ The transition of a solid into a liquid ☀☀MELT☀
95.7%
Varieties include fava, green and kidneyBEAN
90.8%
A steady drum rhythm, perhapsBEAT
90.7%
☀ Mined substance used as fuel ☀☀COAL☀
90.1%
A farmyard outbuildingBARN
90.1%
To glide in the air like an eagleSOAR
89.9%
Something you might wear in cold climatesCOAT
89.7%
To be without clothing or coveringBARE
88.4%
☀ In the ____ of the Night ☀☀HEAT☀
86%
☀ Cooking method of sealing the juices in a steak ☀☀SEAR☀
85.4%
Swiss capital cityBERN
84.7%
☀ Vesuvius and Krakatoa may spurt this ☀☀LAVA☀
83.6%
____ Croft: action heroine of the Tomb Raider gamesLARA
83.6%
Clue 4-Letter Word % Correct
These spaces may contain stalactites and stalagmitesCAVE
83.6%
Spanish car manufacturerSEAT
81.6%
☀ The way to cook bread and pastry ☀☀BAKE☀
80.9%
e.g. day, child or elderlyCARE
80.7%
Pretend or unauthenticFAKE
80.2%
The price of a public transport journeyFARE
79.1%
Vena ____: large vein that returns blood to the heartCAVA
78.4%
Typically, a wire which is wound into regularly spaced loopsCOIL
76.5%
Vargo ____: character in 'A Song of Ice and Fire' seriesHOAT
73.6%
French word for 'evening'SOIR
71.9%
Substance consisting of disintegrated rock and humusSOIL
69.8%
A string instrument first created in ancient GreeceLYRE
53.9%
____ Belacqua: protagonist of Philip Pullman's 'His Dark Materials' or a constellationLYRA
50.2%
☀ Fiend____: dangerous blaze created by J.K. Rowling ☀☀FYRE☀
49.9%

Today's Daily Dose

Remove Ads.
Support Sporcle.
Get the best of Sporcle when you Go Orange. This ad-free experience offers more features, more stats, and more fun while also helping to support Sporcle. Thank you for becoming a member.

You're not logged in!

Compare scores with friends on all Sporcle quizzes.
OR
Log In

Show Comments

Extras

Top Quizzes Today


Score Distribution

Your Account Isn't Verified!

In order to create a playlist on Sporcle, you need to verify the email address you used during registration. Go to your Sporcle Settings to finish the process.

Report this User

Report this user for behavior that violates our Community Guidelines.

Details: